Water management organization in the People's Republic of China /

Bibliographic Details
Other Authors: Nickum, James E.
Format: Book
Language:English
Chinese
Published: Armonk, N.Y. : M.E. Sharpe, [1981]
Series:China book project.
Subjects:

MARC

Tag First Indicator Second Indicator Subfields
LEADER 00000cam a22000008a 4500
001 in00000080687
005 20151008054039.0
008 810407s1981 nyuab b 00000 eng
010 |a  80005458  
020 |a 0873321405 :  |c $20.00 
035 |a (OCoLC)07460049 
035 |9 AAH9464AM 
039 0 |a 2  |b 3  |c 3  |d 3  |e 3 
040 |a DLC  |c DLC  |d TXA  |d UtOrBLW 
041 1 |a eng  |a chi 
043 |a a-cc--- 
049 |a TXAM  |c [1195871] 
050 0 0 |a TC501  |b .W37 
082 0 |a 333.91/3/0951  |2 19 
245 0 0 |a Water management organization in the People's Republic of China /  |c edited with an introduction by James E. Nickum. 
263 |a 8106 
264 1 |a Armonk, N.Y. :  |b M.E. Sharpe,  |c [1981] 
264 4 |c ©1981 
300 |a 269 pages :  |b illustrations, maps ;  |c 24 cm. 
336 |a text  |b txt  |2 rdacontent 
337 |a unmediated  |b n  |2 rdamedia 
338 |a volume  |b nc  |2 rdacarrier 
490 1 |a China book project 
500 |a "Reading 3 first appeared in Chinese Economic Studies X:4 (Summer 1977). Readings 5 and 6 first appeared in Chinese Sociology and Anthropology XII:2 (Winter 1979-80)." 
504 |a Includes bibliographical references. 
650 0 |a Water resources development  |z China. 
650 0 |a Irrigation  |z China. 
700 1 |a Nickum, James E. 
830 0 |a China book project. 
999 |a MARS 
999 f f |s bee60b8c-abe9-3433-9764-147a08b6fea3  |i b82ad9ca-1c79-3a19-a0fb-42486f1898f9  |t 0 
952 f f |p ric  |a Texas A&M University  |b Rellis Campus  |c Joint Library Facility  |d Remote Storage  |t 0  |e TC501 .W37  |h Library of Congress classification  |i unmediated -- volume  |m A14806244489 
998 f f |a TC501 .W37  |t 0  |l Remote Storage